The case of the knowtool

Bibliographic Details
Main Author: Kumara Velu
Corporate Author: Title
Format: Book
Published: Selangor : Sama Publications & Distributors , 2006
Series:Innovate science fiction series
Subjects:

MARC

LEADER 00000cam a2200000 7i4500
001 0000002241
005 20151222.0
008 070711
020 |a 9833552161 
090 0 0 |a JF   |b ENG 
100 0 |a Kumara Velu 
245 1 0 |a The case of the knowtool   |c Kumara Velu 
260 |a Selangor :   |b Sama Publications & Distributors ,   |c 2006 
440 0 |a Innovate science fiction series 
500 |a Children ages 10-12 years old (pink) 
650 0 |a English fiction 
650 0 |a Readers   |x Science fiction 
710 0 |a Title 
999 |a 0000963309   |b Book   |c Children Collection   |e Cawangan Taman Universiti 
999 |a 0000963310   |b Book   |c Children Collection   |e Perbadanan Perpustakaan Awam Johor 
999 |a 0000982620   |b Book   |c Children Collection   |e Perbadanan Perpustakaan Awam Johor